Départements ayant le plus de frontières départementales - Statistiques

Statistiques générales
  • Ce quiz a été pris 1 493 fois
    1 419 depuis la dernière actualisation
  • Le résultat moyen est 7 sur 13
Statistiques - réponses
Frontières Département % Correct
7 Loire
86%
7 Loiret
68%
10 Seine-et-Marne
63%
7 Aveyron
55%
7 Isère
55%
7 Ardèche
54%
7 Eure
54%
7 Dordogne
52%
7 Côte-d'Or
50%
7 Eure-et-Loir
48%
8 Maine-et-Loire
48%
7 Saône-et-Loire
47%
7 Vosges
38%
Aucun quiz correspondant
Distribution des résultats
% des personnes avec chaque résultat
Percentile par nombre de réponses
Votre historique - résultats
Vous n’avez pas pris ce quiz depuis la dernière actualisation